000 01328cam a22001934a 4500
005 20250605164042.0
008 250528s ||||||||||||||||||||||||d
035 _a17021
020 _a860919250
040 _aGR-AtMCL
_bgre
_dGR-AtMCL
_eAACR2
245 1 _aPostmodernism and its Discontents / Theories, Practices
260 _bVerso,
_c1988
300 _a188
520 _aA savvy and sophisticated collection, contributing significantly to the current debate on postmodernism and oppositional politics, whether Marxist or Feminist. Acknowledgements, Introduction, The Postmodernism Debate, Postmodernism and Consumer Society, Feminist and Oedipus and Postmodernism: The Case of MTV, Postmodernism and Cultural Analysis Today, Potholders and Subconscious: On the Businessman and Fiskadoro and Postmodern Paradise, Urban Renaissance and the Spirit of Postmodernism, What is at Stake in the Debate of Postmodernism?, Postmodernism and Feminist and Popular Cultural Theory, A Jury of Their Peers: Marlene Gorris's A Question of Silence, Mikhaim Bakhtin and Left Cultural Critique, Sliding Off the Stereotype: Gender Difference in the Future of Television, Poetry and Punk and Production: Some Recent Writing in LA, Notes on Contributors.
700 1 _aKaplan Ann E
_93152
942 _cBK
999 _c2462
_d2462